| 000 | 00545nam a2200193Ia 4500 | ||
|---|---|---|---|
| 005 | 20250508163725.0 | ||
| 008 | 008 250505s9999 xx 000 0 eng d | ||
| 020 | _a0-19-564179-5 | ||
| 037 | _aTextual | ||
| 040 |
_aFEDL _beng _cFEDL |
||
| 041 |
_aeng _2eng |
||
| 084 |
_a305.4, THA _qFEDL |
||
| 100 | _aThapan Meenakshi | ||
| 245 | 0 | _aEmbodiment : Essays on gender and identity | |
| 260 |
_aDelhi, India _bOxford University Press _c1997 |
||
| 300 | _axiii,340p. | ||
| 942 |
_cTEXL _h305.4, THA |
||
| 999 |
_c1384908 _d1384908 |
||